New requirements for fire detection and alarm network systems (Record no. 115077)

MARC details
000 -LEADER
fixed length control field 01333cam a22002415a 4500
001 - CONTROL NUMBER
control field L158015
008 - FIXED-LENGTH DATA ELEMENTS--GENERAL INFORMATION
fixed length control field 121121s2013 xxko f 000 0 eng d
020 ## - INTERNATIONAL STANDARD BOOK NUMBER
International Standard Book Number 9781848063440
035 ## - SYSTEM CONTROL NUMBER
System control number (Sirsi) u158015
041 0# - LANGUAGE CODE
Language code of text/sound track or separate title eng
100 1# - MAIN ENTRY--PERSONAL NAME
Personal name Mattie-Suleiman, Eman
245 04 - TITLE STATEMENT
Title New requirements for fire detection and alarm network systems
260 ## - PUBLICATION, DISTRIBUTION, ETC.
Place of publication, distribution, etc. Watford
Name of publisher, distributor, etc. BRE
Date of publication, distribution, etc. 2013
300 ## - PHYSICAL DESCRIPTION
Extent 12p.
Other physical details ill.
Dimensions 30cm.
490 #0 - SERIES STATEMENT
Series statement BRE Information Paper
Volume/sequential designation (12/13)
505 2# - FORMATTED CONTENTS NOTE
Formatted contents note Background -- Reasons for networking fire detection and alarm systems -- Current requirements for fire detection network systems -- New fire detection and alarm system network requirements -- Definitions of network and terminologies used -- References
520 ## - SUMMARY, ETC.
Summary, etc. Enables specifiers and fire detection and alarm systems designers to choose the most appropriate hard-wired network systems for installation in buildings, while maintaining compliance with the European Construction Products Regulation (the CPR) and the British Code of Practice, BS 5839-1. In addition, it will highlight the new requirements for network systems which have been developed and incorporated within an LPS standard.
521 ## - TARGET AUDIENCE NOTE
Target audience note Advanced
590 ## - LOCAL NOTE (RLIN)
Local note KA
651 #4 - SUBJECT ADDED ENTRY--GEOGRAPHIC NAME
Geographic name United Kingdom
Chronological subdivision
690 ## - LOCAL SUBJECT ADDED ENTRY--TOPICAL TERM (OCLC, RLIN)
Topical term or geographic name as entry element MANAGEMENT-HEALTH AND SAFETY-FIRE SAFETY-FIRE SAFETY ENGINEERING
942 ## - ADDED ENTRY ELEMENTS (KOHA)
Suppress in OPAC 0
Holdings
Withdrawn status Lost status Source of classification or shelving scheme Damaged status Not for loan Home library Current library Shelving location Date acquired Total Checkouts Full call number Barcode Date last seen Copy number Price effective from Koha item type
    Dewey Decimal Classification     London London BRE publications 13/11/2013   BRE 30075098 06/08/2019 1 06/08/2019 Book